000 00313nam a22001337a 4500
008 170622b xxu||||| |||| 00| 0 eng d
020 _a9780714644622
041 _aeng
080 _a32
100 _a20
101 _aSHP
245 _aPOPULAR POLITICS AND BRITISH ANTI-SLAVERY
_cOLDFIELD, J.R
942 _2udc
_cBK
999 _c18593
_d18593